| 000 | 01382nam a2200133Ia 4500 | ||
|---|---|---|---|
| 008 | 220620s9999||||xx |||||||||||||| ||und|| | ||
| 020 | _a9783040000000 | ||
| 245 | 0 | _aMinimally Invasive Urological Procedures and Related Technological Developments | |
| 546 | _aEnglish[eng] | ||
| 650 | _apartial nephrectomy||single site surgery||sutureless||CEUS||contrast-enhanced ultrasound||renal ultrasound||image quality||small renal mass (3–5)||kidney stones||metabolic syndrome||urolithiasis||nephrolithiasis||kidney calculi||diabetes mellitus||acute kidney injury||percutaneous nephrolithotomy||urology||artificial intelligence||machine learning||urinary incontinence||kidney stone disease||fertility||reproductive urology||renal cell carcinoma||hydronephrosis||urinary reflux||endourology||pediatric urology||prostate cancer||bladder cancer||nephrostomy||quality of life||survival||decision making||ureteroscopy||laser||RIRS||Moses||holmium||mineral water||mineral composition||drinking water||still water||sparkling water||Ho:YAG laser||thulium fiber laser||laser fiber||lithotripsy||chronic prostatitis||chronic pelvic pain syndrome||extracorporeal shockwave therapy||ESWT||NIH-CPSI||EHS||IIEF-5||QoL||urosepsis||laser lithotripsy||predictor factors||PCNL||renal tumour||AI||TFL | ||
| 700 | _aSomani, Bhaskar K | ||
| 856 | _uhttps://mdpi.com/books/pdfview/book/4782 | ||
| 942 | _cEB | ||
| 999 |
_c32089 _d32089 |
||